Essentials of organisational behaviour. (3rd ed.) (Record no. 42460)

MARC details
000 -LEADER
fixed length control field 00634nam a2200169 a 4500
008 - FIXED-LENGTH DATA ELEMENTS--GENERAL INFORMATION
fixed length control field 130823s2011 ||||||||||||||||| || u
020 ## - INTERNATIONAL STANDARD BOOK NUMBER
International Standard Book Number 9780273757344
050 ## - LIBRARY OF CONGRESS CALL NUMBER
Classification number HD 58.7 Mul
100 ## - MAIN ENTRY--PERSONAL NAME
Personal name Mullins, Laurie J
245 10 - TITLE STATEMENT
Title Essentials of organisational behaviour. (3rd ed.)
Statement of responsibility, etc. by Laurie J. Mullins
250 ## - EDITION STATEMENT
Edition statement 3rd ed.
260 ## - PUBLICATION, DISTRIBUTION, ETC.
Place of publication, distribution, etc. Harlow Essex:
Name of publisher, distributor, etc. Pearson Education, Inc
Date of publication, distribution, etc. 2011
300 ## - PHYSICAL DESCRIPTION
Extent xxi, 500p.: ill.
650 #0 - SUBJECT ADDED ENTRY--TOPICAL TERM
Topical term or geographic name entry element MANAGEMENT
650 ## - SUBJECT ADDED ENTRY--TOPICAL TERM
Topical term or geographic name entry element ORGANIZATIONAL BEHAVIOUR
995 ## - RECOMMENDATION 995 [LOCAL, UNIMARC FRANCE]
-- CBU-MAIN LIBRARY (Kitwe)
-- 1
-- AVAILABLE
-- Oct 30, 2013
-- Main Library Open Access Collection
Holdings
Withdrawn status Lost status Source of classification or shelving scheme Damaged status Not for loan Home library Current library Shelving location Date acquired Total Checkouts Full call number Barcode Date last seen Price effective from Koha item type
          CBU-MAIN LIBRARY, KITWE. CBU-MAIN LIBRARY, KITWE.   11/30/2022   HD 58.7 Mul 744342 11/30/2022 11/30/2022 MONOGRAPH